000 01096nmm a2200385 a 4500
003 AR-BaBNM
005 20251128204154.0
008 011101s1992 ||||||||||||||000 | spa||
020 _a950-9129-58-9
040 _cAR-BaBNM
100 1 _aGuyot, Violeta
245 1 0 _aPoder saber la educación
_bde la teoría educativa a las prácticas docentes
260 _aBuenos Aires
_bLugar Editorial
_c1992
300 0 _a79 p.
504 _aContiene bibliografía
650 4 _aTEORIAS DE LA EDUCACION
650 4 _aREFORMA DE LA EDUCACION
650 4 _aCIENCIAS DE LA EDUCACION
650 4 _aPRACTICA DOCENTE
650 4 _aSOCIOLOGIA DE LA EDUCACION
650 4 _aEPISTEMOLOGIA
650 4 _aTECNICAS DE ENSENANZA
650 4 _aHISTORIA DE LA EDUCACION
650 4 _aFILOSOFIA DE LA EDUCACION
650 4 _aPROYECTOS
650 4 _aSIGLO VEINTE
650 4 _aANTOLOGIAS
653 _aINVESTIGACION EDUCATIVA
653 _aLEGISLACION EDUCATIVA
653 _aMETODOS EDUCATIVOS
700 1 _aMarincevic, Juan
700 1 _aLuppi, Alberto
942 _cBK
998 _cGrace
999 _c6471
_d6471